000 04128nam a2200325 a 4500
001 991017720342307486
005 20260421124555.0
008 250821n ck a gr 000 0 spa d
020 _a9789587362350
040 _aCO-BoBLA
_bspa
_cCO-BoBLA
_erda
041 0 _aspa
082 0 4 _a636.0896
_bD948e
100 _aDurán Ramírez, Felipe.
_eautor,
_edirector editorial
245 1 0 _aEnfermedades del oído en caninos y felinos /
_cFelipe Durán Ramirez.
264 1 _aBogotá :
_bGrupo Latino Editores,
_c2025
300 _a229 páginas :
_bilustraciones, fotografías, cuadros ;
_c21 cm.
336 _atexto
_btxt
_2rdacontent
337 _asin mediacion
_bn
_2rdamedia
338 _avolumen
_bnc
_2rdacarrier
490 1 _aVolvamos al campo
504 _aIncluye referencias bibliográficas páginas 221-229.
505 _aContenido. -- Introducción. -- Anatomía del oído. -- Oído externo. -- Oído interno. --Oído medio. -- Huesecillos del oído. -- Membrana timpánica. Tímpano. -- Trompa auditiva o trompa de Eustaquio. -- Cerumen. -- Fisiología de la audición. -- Microbiología del conducto auditivo. --Patologías auditivas. -- Sordera. -- Tipos de sordera. -- Sordera unilateral y bilateral. -- Sordera congénita. -- En los perros. -- En los gatos. - -Sordera periférica y sordera central. -- Sordera sindrómica y no sindrómica. -- Sordera por presbiacusia. -- Sordera por envejecimiento. -- Causa de sordera en perros viejos. -- Sordera en perros por ototoxicidad. -- El color del perro predispone a la sordera. -- Método para saber si un perro está sordo. -- Test de BAER.-- Razas más propensa a sufrir sordera congénita. -- Síndrome vestibular. -- Sistema vestibular y síndrome vestibular. -- Ototoxicidad. -- Neoplasia auditiva. -- Hipotiroidismo. -- Enfermedad vestibular congénita. -- Enfermedad vestibular geriátrica. -- Otitis media interna (OMI). -- Pólipos nasofaríngeos. -- Síndrome vestibular central. -- Síndrome vestibular periférico. -- Síndrome vestibular central. -- Síndrome vestibular periférico. -- Síndrome vestibular paradójico. -- Síndrome vestibular agudo. -- Citología ótica. Cuadro. -- Otoscopia. Cuadro. -- dermatosis de los pabellones auriculares. -- Dermatosis del borde de las orejas. -- Alopecia canina del pabellón auricular. -- Vasculitis en el margen del pabellón auricular. -- Necrosis del cartílago de la oreja en perros. -- Pliegue de los extremos de las orejas de los gatos. -- Dermatitis solar o actínica. -- Hematoma auricular en felino. -- Otohematoma. -- Dermatitis liquenoide psoriasiforme. -- Síndrome leproide granulomatoso. -- Seborrea del borde de los pabellones. -- Celulitis juvenil. -- Enfermedad por aglutininas frías. -- Epidermólisis bullosa adquirida (EBA). --Epidermólisis bullosa de la unión dermoepidérmica. -- Dermatitis por hipersensibilidad a las picaduras de moscas. -- Sarna sarcóptica. -- Sarna otodéctica. -- Trombiculosis. -- Demodicosis. -- Leishmaniasis. -- Dermatofitosis. -- Dermatitis atópica. -- Pénfigo foliáceo y erimatoso. -- Alopecia areata. --Tumores. --Ácaros en los oídos. -- Otitis. -- Otitis externa. -- Otitis media. -- Otitis interna. -- Bibliografía
520 _aObra de carácter técnico que estudia las principales enfermedades del oído en perros y gatos. Presenta la anatomía y fisiología del sistema auditivo, así como los métodos de diagnóstico clínico empleados en medicina veterinaria. Describe patologías frecuentes como otitis externa, media e interna, afecciones del pabellón auricular y trastornos vestibulares, junto con sus manifestaciones clínicas, etiología y tratamiento. Incluye orientaciones para el manejo terapéutico y la prevención de estas enfermedades en pequeños animales.
598 _a1
650 0 _a Enfermedades de los perros
_xDiagnostico y tratamiento
_2BLAAUTO
_91137
650 0 _aEnfermedades de los gatos
_xDiagnostico y tratamiento
_2BLAAUTO
_91132
650 0 _aMedicina veterinaria
_xDiagnostico y tratamiento
_2BLAAUTO
_91133
650 0 _aSalud animal
_xDiagnostico y tratamiento
_2BLAAUTO
_91134
942 _cBK
_n0
999 _c37911
_d37911